Statistics for Top 10 Most Popularly Sold Illegal drugs

Click here to take the quiz!

General Stats

  • This quiz has been taken 6,629 times
  • The average score is 6 of 10

Answer Stats

1-10Answer% Correct
5Marijuana
94%
4Cocaine
93%
1Heroin
87%
3Methamphetamine
78%
8LSD
66%
2Crack Cocaine
61%
10Psilocybin Mushrooms
46%
7Ecstasy
39%
6Opium
18%
9PCP
15%

Score Distribution

Percentile by Number Answered

Percent of People with Each Score

Your Score History

You have not taken this quiz